Identificación de patologías, propuestas para la reparación de daños visibles y modelado de la antigua estación de ferrocarril de Caldera, Puntarenas, a partir del escaneo láser
محفوظ في:
| المؤلف الرئيسي: | |
|---|---|
| مؤلفون آخرون: | |
| التنسيق: | كتاب |
| اللغة: | Spanish |
| منشور في: |
[San José], Costa Rica,
2021
|
| الموضوعات: | |
| الوسوم: |
إضافة وسم
لا توجد وسوم, كن أول من يضع وسما على هذه التسجيلة!
|
MARC
| LEADER | 00000nam a2200000Ia 4500 | ||
|---|---|---|---|
| 003 | 013380 | ||
| 005 | 20230328104418.0 | ||
| 008 | 140116s2021 cr a 000 ||spa d | ||
| 040 | |c cru CEDI | ||
| 100 | |a Durán Valerio, Kendall Jafet, 1997- |9 118 | ||
| 245 | |a Identificación de patologías, propuestas para la reparación de daños visibles y modelado de la antigua estación de ferrocarril de Caldera, Puntarenas, a partir del escaneo láser | ||
| 260 | |a [San José], Costa Rica, |c 2021 | ||
| 500 | |a Proyecto de graduación (licenciatura en ingeniería civil)--Universidad de Costa Rica. Facultad de Ingeniería. Escuela de Ingeniería Civil | ||
| 501 | |a Director de Proyecto de Graduación: Ing. Robert Anglin Fonseca, M.Sc. | ||
| 650 | |x SISTEMAS DE REPRESENTACION TRIDIMENSIONAL |x MODELADO DE INFORMACION DE CONSTRUCCION |x PATRIMONIO CULTURAL |x ESTACIONES DE FERROCARRIL - MANTENIMIENTO Y REPARACIÓN - PUERTO CALDERA (COSTA RICA) | ||
| 700 | |9 89 |a Anglin Fonseca, Robert Anthony, 1967- |d Director del TFG | ||
| 942 | |c CEDI |h TFG 8531 |6 TFG_8531_000000000000000 | ||
| 999 | |c 21882 |d 21882 | ||
